Application of nursing process and nursing diagnosis : (Record no. 4068)

000 -LEADER
fixed length control field 01179pam a2200325 a 4500
003 - CONTROL NUMBER IDENTIFIER
control field OSt
005 - DATE AND TIME OF LATEST TRANSACTION
control field 20220317110333.0
008 - FIXED-LENGTH DATA ELEMENTS--GENERAL INFORMATION
fixed length control field 941223s1995 paua b 001 0 eng c
020 ## - INTERNATIONAL STANDARD BOOK NUMBER
International Standard Book Number 0803626762
040 ## - CATALOGING SOURCE
Transcribing agency DLC
050 00 - LIBRARY OF CONGRESS CALL NUMBER
Classification number RT41
Item number .D54 1995
060 10 - NATIONAL LIBRARY OF MEDICINE CALL NUMBER
Classification number WY 100 D615a 1995
100 1# - MAIN ENTRY--PERSONAL NAME
Personal name Doenges, Marilynn E.,
Dates associated with a name 1922-
245 10 - TITLE STATEMENT
Title Application of nursing process and nursing diagnosis :
Remainder of title an interactive text for diagnostic reasoning /
Statement of responsibility, etc. Marilynn E. Doenges, Mary Frances Moorhouse, Joseph T. Burley.
250 ## - EDITION STATEMENT
Edition statement 2nd ed.
260 ## - PUBLICATION, DISTRIBUTION, ETC.
Place of publication, distribution, etc. Philadelphia, PA :
Name of publisher, distributor, etc. Davis,
Date of publication, distribution, etc. c1995.
300 ## - PHYSICAL DESCRIPTION
Extent xxi, 311 p. :
Other physical details ill. ;
Dimensions 26 cm.
504 ## - BIBLIOGRAPHY, ETC. NOTE
Bibliography, etc. note Includes bibliographical references and index.
650 #0 - SUBJECT ADDED ENTRY--TOPICAL TERM
Topical term or geographic name entry element Nursing.
650 #0 - SUBJECT ADDED ENTRY--TOPICAL TERM
Topical term or geographic name entry element Nursing assessment.
650 #0 - SUBJECT ADDED ENTRY--TOPICAL TERM
Topical term or geographic name entry element Nursing diagnosis.
650 #0 - SUBJECT ADDED ENTRY--TOPICAL TERM
Topical term or geographic name entry element Nursing records.
650 12 - SUBJECT ADDED ENTRY--TOPICAL TERM
Topical term or geographic name entry element Nursing Process.
650 22 - SUBJECT ADDED ENTRY--TOPICAL TERM
Topical term or geographic name entry element Nursing Diagnosis
General subdivision methods.
700 1# - ADDED ENTRY--PERSONAL NAME
Personal name Moorhouse, Mary Frances,
Dates associated with a name 1947-
700 1# - ADDED ENTRY--PERSONAL NAME
Personal name Burley, Joseph.
906 ## - LOCAL DATA ELEMENT F, LDF (RLIN)
a 7
b cbu
c orignew
d 1
e ocip
f 19
g y-gencatlg
942 ## - ADDED ENTRY ELEMENTS (KOHA)
Source of classification or shelving scheme
Koha item type Book
Holdings
Withdrawn status Lost status Source of classification or shelving scheme Damaged status Not for loan Permanent Location Current Location Shelving location Date acquired Source of acquisition Total Checkouts Full call number Barcode Date last seen Price effective from Koha item type Public note
          AU LIBRARY AU LIBRARY Open Shelf 17.03.2022 DONATION FROM MOI UNIVERSITY   RT41 .D54 1995 28005785 17.03.2022 17.03.2022 Book SM

Powered by Koha